000 01892nam a22004097a 4500
003 DO-SdBNP
005 20230310094547.0
007 ta
008 220901b 2001|||a| |e |||| 00| 0 spa d
040 _aDO-SdBNP
_bspa
_cBNPHU
041 _heng
_dinglés y español
082 4 _222
_a759.97293
_bP181J
100 1 0 _aPalomero, Federica
_982315
_eEnsayos
245 1 0 _aJulio Valdez :
_blos sacrificios fecundos /
_cFederica Palomero, Judith B. Hecker ; traducciones, Leslie Gabaldón y Lorenzo Mans ; editores, RuthTrombka y José Bobadilla ; fotografías, Steven Bates y Becket Logan
246 _aSacrificios fecundos
260 _aLa Romana, República Dominicana :
_bCentro Cultural Altos de Chavón,
_c2001.
300 _a56 p.:
_bil.;
_c30 cm
500 _aIncluye datos biográficos del autor en la solapa de la contraportada del libro, en inglé y españól.
504 _aBibliografía seleccionada : p. 55.
546 _aInglés y español.
590 _aInventariado, 2022 / SA
600 4 _aValdez, Julio
_d1969-
_xCrítica e interpretación
_982316
610 4 _aFundación Centro Cultural Altos de Chavón
_bSchool of Desigh
_982318
650 4 _9368
_aPintura dominicana
_vCatálogos
_zLa Romana, República Dominicana
650 4 _954101
_aArte dominicano
_xExposiciones
_ySiglo XX
_2La Romana, República Dominicana
650 4 _923496
_aArte dominicano
_xEnsayo
_vDibujo
_vPintura
650 0 _97454
_aDibujo
_xCatálogo
_vExposiciones
_z2001-2002
_yLa Romana, Repúblico Dominicana
700 1 _aHecker, Judith B.
_982317
_eensayo
700 1 _aTrombka, Ruth
_eeditor
_982319
700 1 _aBobadilla José
_eeditor
_924677
700 1 _aGabaldón, Leslie
_etrad.
_982320
700 1 _aMans, Lorenzo
_etrad.
_982321
700 1 _aBates, Steven
_efot.
_982322
700 1 _aLogan, Becket
_efot.
_982323
910 _aValidado. Control de calidad. MAA
942 _2ddc
_cLBS1
999 _c52357
_d52357